=LDR 00000nam 2200000 4500 =001 INLIS000000000001787 =005 20130612090157 =008 ***********************************Ind** =035 ##$$0010-061300000001787 =041 ##$$a Ind =082 ##$$a 700.07 =090 ##$$a 700.07, Rah s =100 ##$$a Raharjo, J. Budi =245 ##$$a Seni rupa, Untuk SMA kurikulum 1984, J. Budhy Raharjo =260 ##$$a 1986 $b Bandung =300 ##$$a xii, 152 hlm., Ilus., 21 cm =650 ##$$a Kesenian-Pendidikan =850 ##$$a NBPNMAT